বঙ্কিমচন্দ্রের উপন্যাস গ্রন্থাবলী / (Record no. 72195)
[ view plain ]
| 000 -LEADER | |
|---|---|
| fixed length control field | 01171nam a2200265 a 4500 |
| 001 - CONTROL NUMBER | |
| control field | 72195 |
| 003 - CONTROL NUMBER IDENTIFIER | |
| rucl marc code | BD-RjUL |
| 005 - DATE AND TIME OF LATEST TRANSACTION | |
| control field | 20230413104837.0 |
| 008 - FIXED-LENGTH DATA ELEMENTS--GENERAL INFORMATION | |
| fixed length control field | 160423q195? ii ||||| |||| 00| 0 ben d |
| 020 ## - INTERNATIONAL STANDARD BOOK NUMBER | |
| Terms of availability | : Tk. 2.00 |
| 035 ## - SYSTEM CONTROL NUMBER | |
| System control number | (BD-RjUL)72411 |
| 040 ## - CATALOGING SOURCE | |
| Original cataloging agency | BD-RjUL |
| Language of cataloging | ben |
| Transcribing agency | BD-RjUL |
| 041 ## - LANGUAGE CODE | |
| Language code of text/sound track or separate title | ben |
| 082 ## - DEWEY DECIMAL CLASSIFICATION NUMBER | |
| Edition number | 23 |
| Classification number | 891.44308 |
| Author mark and year | CHB 195? |
| 100 10 - MAIN ENTRY--PERSONAL NAME | |
| Personal name | চট্টোপাধ্যায়, বঙ্কিমচন্দ্র |
| 9 (RLIN) | 116961 |
| 245 10 - TITLE STATEMENT | |
| Title | বঙ্কিমচন্দ্রের উপন্যাস গ্রন্থাবলী / |
| Statement of responsibility, etc. | বঙ্কিমচন্দ্র চট্টোপাধ্যায় |
| 260 ## - PUBLICATION, DISTRIBUTION, ETC. (IMPRINT) | |
| Place of publication, distribution, etc. | কলিকাতা : |
| Name of publisher, distributor, etc. | শ্রীসতীশচন্দ্র মুখোপাধ্যায়, |
| Date of publication, distribution, etc. | [১৯৫?] |
| 300 ## - PHYSICAL DESCRIPTION | |
| Pagination | খণ্ড ; |
| Size | ২৪ সেমি. |
| 490 ## - SERIES STATEMENT | |
| Series statement | গ্রন্থাবলী - সিরিজ |
| 505 ## - FORMATTED CONTENTS NOTE | |
| Formatted contents note | খণ্ড ১ -- খণ্ড ২--- |
| 650 ## - SUBJECT ADDED ENTRY--TOPICAL TERM | |
| Topical term or geographic name as entry element | বাংলা উপন্যাস সংগ্রহ |
| 9 (RLIN) | 213931 |
| Topical term or geographic name as entry element | Collection of bengali fiction |
| 9 (RLIN) | 213932 |
| 830 ## - SERIES ADDED ENTRY--UNIFORM TITLE | |
| Uniform title | গ্রন্থাবলী - সিরিজ |
| 942 ## - ADDED ENTRY ELEMENTS (KOHA) | |
| Source of classification or shelving scheme | Dewey Decimal Classification |
| Koha item type | Books |
| Lost status | Source of classification or shelving scheme | Damaged status | Not for loan | Collection code | Permanent Location | Current Location | Shelving location | Date acquired | Source of acquisition | Cost, normal purchase price | Total Checkouts | Full call number | Date last seen | Copy number | Koha item type |
|---|---|---|---|---|---|---|---|---|---|---|---|---|---|---|---|
| Dewey Decimal Classification | Not For Loan | Fiction | Central Library, University of Rajshahi | Central Library, University of Rajshahi | Reading Room | 04/03/1957 | kamala book. | 2.00 | B 891.44308 CHB V-2 195? | 14/05/2017 | C-1 | Books | |||
| Dewey Decimal Classification | Not For Loan | Fiction | Central Library, University of Rajshahi | Central Library, University of Rajshahi | Reading Room | 04/03/1957 | Kamala Book | 2.00 | B 891.44308 CHB V-1 1957 | 13/04/2023 | C-1 | Books |